000 00641nam a2200193 4500
001 139828
003 ES-MaACL
005 20230906195923.0
007 t|
008 070214s1960 sp r ||||1| spa d
100 1 _aSchnepp, Gerard J.
_9104588
245 1 0 _aPor el matrimonio hacia dios /
_cSchnepp & Schnepp ; prólogo de Francisco Armentia ; versión española de Alfonso Alvarez Villas.
260 _aMadrid :
_bMorata,
_c1960.
300 _a275 p. ;
_c21 cm.
700 1 _aArmentia, Francisco.
_922961
700 1 _aAlvarez Villas, Alfonso.
_921000
700 1 _aSchnepp, Alfred F.
_9104587
852 _aES-MaACL
_jC-18426
_bR.46947
999 _c139828
_d139828